Catalog

Record Details

Catalog Search



Available copies

  • 1 of 1 copy available at LARL/NWRL Consortium. (Show)
  • 1 of 1 copy available at Northwest Regional Library.

Current holds

0 current holds with 1 total copy.

Show Only Available Copies
Location Call Number / Copy Notes Barcode Shelving Location Status Due Date
Greenbush Public Library PEA (Text) 35500001835378 Main Available -

Record details

  • ISBN: 0310412714 (paper)
  • Physical Description: 231 p. ; 21 cm.
  • Publisher: Grand Rapids, Mich. : Zondervan Pub. House, c1994.
Subject: Frontier and pioneer life > Oregon > Fiction.
Man-woman relationships > Oregon > Fiction.
Women pioneers > Oregon > Fiction.
Women teachers > Oregon > Fiction.
Genre: Historical fiction.
Love stories.
LDR 01151cam a2200325Ia 4500
00114368
003LARL_NWRL_CONSORTIUM
00519950906155213.0
008940503s1994 miu 000 1 eng
020 . ‡a0310412714 (paper)
035 . ‡a(OCoLC)30511282
043 . ‡an-us-or
08200. ‡a813/.54 ‡220
099 . ‡aPea
1001 . ‡aPeart, Jane. ‡0(LARL_NWRL_CONSORTIUM)79671
24510. ‡aRunaway heart ‡n#1/ ‡cJane Peart.
260 . ‡aGrand Rapids, Mich. : ‡bZondervan Pub. House, ‡cc1994.
300 . ‡a231 p. ; ‡c21 cm.
4900 . ‡aWestward dreams ; ‡v1
650 0. ‡aFrontier and pioneer life ‡zOregon ‡vFiction.
650 0. ‡aMan-woman relationships ‡zOregon ‡vFiction.
650 0. ‡aWomen pioneers ‡zOregon ‡vFiction.
650 0. ‡aWomen teachers ‡zOregon ‡vFiction.
655 7. ‡aHistorical fiction. ‡2gsafd
655 7. ‡aLove stories. ‡2gsafd
901 . ‡a14368 ‡bOCLC ‡c14368 ‡tbiblio

Additional Resources